Name The Celebrity- Mega Picture Edition 5 - Statistics

General Stats
  • This quiz has been taken 210 times
    207 since last reset
  • The average score is 26 of 50
Answer Stats
Picture Answer % Correct
Dwayne Johnson
94%
Serena Williams
89%
Martin Luther King Jr.
85%
Keanu Reeves
83%
Brad Pitt
82%
Mark Zuckerberg
81%
Pitbull
80%
Zendaya
80%
Charlie Chaplin
79%
Tom Holland
76%
Paris Hilton
75%
Tom Cruise
75%
Robert Pattinson
74%
Jennifer Lopez
73%
Ellen Degeneres
67%
Paul McCartney
67%
Sylvester Stallone
67%
Nicole Kidman
64%
Avril Lavigne
59%
Ice Cube
59%
Mick Jagger
57%
Yoko Ono
57%
Lucy Liu
56%
Bono
54%
Lyndon B. Johnson
50%
Sean Penn
49%
Fidel Castro
47%
Brie Larson
46%
Julius Caesar
43%
Lana Del Rey
43%
Bob Dylan
42%
Gene Wilder
42%
Joan of Arc
42%
Sigourney Weaver
42%
Michael J. Fox
41%
John Wayne
37%
James Brown
36%
Billy Joel
35%
John Goodman
30%
Bjork
29%
Al Gore
28%
Edgar Allan Poe
28%
Groucho Marx
28%
Jesse Owens
27%
Kim Basinger
27%
Zsa Zsa Gabor
20%
Fred Savage
17%
Julia Gillard
11%
James Monroe
10%
Agatha Christie
2%
No matching quizzes found
Score Distribution
Percent of People with Each Score
Percentile by Number Answered
Your Score History
You have not taken this quiz since the last reset